| 000 | 01069nam a2200229Ia 4500 | ||
|---|---|---|---|
| 003 | Ost | ||
| 005 | 20260507075652.0 | ||
| 008 | 260507s9999||||xx |||||||||||||| ||und|| | ||
| 040 | _cfsecg | ||
| 041 | _aara | ||
| 082 | _a341.2 | ||
| 100 |
_aالعادلي، محمود صالح _eمؤلف |
||
| 245 | 0 |
_aالشرعية الدولية في ظل النظام العالمي الجديد / _c محمود صالح العادلي |
|
| 260 |
_aالإسكندرية: _bدار الفكر الجامعي, _c[د.ت.] |
||
| 300 |
_a312 صفحة؛ _bإيضاحات ؛ _c24 سم |
||
| 520 | _aالامم المتحدة ومعطيات النظام العالمي الجديد- العروبة والإسلام وتحديات النظام العالمي الجديد- محكمة العدل العربية بين رواسب الماضي وتطلعات المستقبل. | ||
| 653 | _aالسياسة الدولية | ||
| 653 | _aالشرعية الدولية | ||
| 653 | _aالقانون الدولي | ||
| 653 | _aالنظام العالمي الجديد | ||
| 942 | _cكتاب | ||
| 999 |
_c45627 _d45627 |
||